000 00648cam a22002413a 4500
001 30911
003 PGUSA
005 20140828083652.0
008 100110s2010||||xxu|||||s|||||000 1 eng d
040 _aPGUSA
_beng
042 _adc
050 4 _aPS
100 1 _aDisch, Thomas M.,
_d1940-2008
245 1 4 _aThe Demi-Urge
_h[electronic resource] /
_cThomas M. Disch
260 _bProject Gutenberg,
_c2010
506 _aPublic domain in the USA.
516 _aElectronic text
653 _aScience fiction
653 _aShort stories
830 0 _aProject Gutenberg
_v30911
856 4 0 _uhttp://www.gutenberg.org/ebooks/30911
942 _cEB
999 _c260166
_d260166